Normal view
MARC view
- البنوك الاسلامية - الاسلام - اقتصاد
Entry Topical Term
001 - CONTROL NUMBER
- control field: 58248
003 - CONTROL NUMBER IDENTIFIER
- control field: JO-AjAnu
005 - DATE AND TIME OF LATEST TRANSACTION
- control field: 20230606083531.0
008 - FIXED-LENGTH DATA ELEMENTS
- fixed length control field: 230606|| aca||aabn | a|a d
040 ## - CATALOGING SOURCE
- Original cataloging agency: JO-AjAnu
- Transcribing agency: JO-AjAnu
150 ## - HEADING--TOPICAL TERM
- Topical term or geographic name entry element: البنوك الاسلامية - الاسلام - اقتصاد
670 ## - SOURCE DATA FOUND
- Source citation: Work cat.: (JO-AjAnu)29715: اعداد ليندا حسن محمد القضاه ؛ اشراف محمد طعمه القضاه, author 58247, التورق المصرفي المنظم في المصارف الاسلاميه الاردنيه واثاره الاقتصاديه (دراسه ميدانيه) = An empirical study in the islamic banks) Regulated Banking Foliation (Tawroq) its Economic Effect )